[Event "Oberliga Nord W 1920"]
[Site "Germany"]
[Date "2019.10.20"]
[Round "2.1"]
[White "Lingnau, Carsten"]
[Black "Bokros, Albert"]
[Result "1/2-1/2"]
[WhiteElo "2418"]
[BlackElo "2471"]
[PlyCount "24"]
[EventDate "2019.09.29"]
[EventType "team-tourn"]
[EventRounds "9"]
[EventCountry "GER"]
[SourceTitle "CBM 195 Extra"]
[Source "ChessBase"]
[SourceDate "2020.05.31"]
[SourceVersion "1"]
[SourceVersionDate "2020.05.31"]
[SourceQuality "1"]

1. Nf3 Nf6 2. c4 e6 3. g3 d5 4. d4 Be7 5. Bg2 0-0 6. 0-0 dxc4 7. Qc2 a6 8. a4 Bd7 9. Qxc4 Bc6 10. Bg5 Bd5 11. Qc2 Be4 12. Qc1 h6 1/2-1/2

[Event "Oberliga Nord W 1819"]
[Site "Germany"]
[Date "2019.04.07"]
[Round "9.1"]
[White "Grigorian, Spartak"]
[Black "Lingnau, Carsten"]
[Result "1/2-1/2"]
[WhiteElo "2347"]
[BlackElo "2423"]
[PlyCount "90"]
[EventDate "2018.10.21"]
[EventType "team-tourn"]
[EventRounds "9"]
[EventCountry "GER"]
[SourceTitle "EXT 2020"]
[Source "ChessBase"]
[SourceDate "2019.10.17"]
[SourceVersion "1"]
[SourceVersionDate "2019.10.17"]
[SourceQuality "1"]
[WhiteTeam "Werder Bremen II"]
[BlackTeam "Hellern"]
[WhiteTeamCountry "GER"]
[BlackTeamCountry "GER"]

1. d4 Nf6 2. c4 e6 3. Nc3 Bb4 4. e3 0-0 5. Nge2 d5 6. a3 Be7 7. cxd5 exd5 8. Nf4 c6 9. Bd3 Na6 10. 0-0 Nc7 11. f3 Re8 12. Bd2 c5 13. Nce2 b6 14. Be1 Bf8 15. Qd2 Bb7 16. g4 Qe7 17. Bf2 g6 18. Rae1 Rad8 19. Nc3 Bh6 20. h4 Bg7 21. Rb1 Nd7 22. Bc2 Bc6 23. b4 cxd4 24. exd4 b5 25. Rfe1 Qf8 26. Nd3 Nb6 27. Ne5 Nc4 28. Nxc4 dxc4 29. Be4 Qd6 30. Rbd1 Nd5 31. Bxd5 Bxd5 32. Kg2 a6 33. Rxe8+ Rxe8 34. Re1 Rd8 35. Nxd5 Qxd5 36. Re4 h5 37. g5 Rc8 38. Qc3 Qf5 39. Bg3 Rc6 40. Be5 Bxe5 41. Rxe5 Qd7 42. d5 Rc8 43. Kg3 Qd6 44. Kg2 Qd7 45. Kg3 Qd6 1/2-1/2

[Event "Oberliga Nord W 1718"]
[Site "Germany"]
[Date "2017.11.12"]
[Round "3.1"]
[White "Bode, Wilfried"]
[Black "Lingnau, Carsten"]
[Result "1/2-1/2"]
[WhiteElo "2349"]
[BlackElo "2421"]
[PlyCount "70"]
[EventDate "2017.10.08"]
[EventType "team-tourn"]
[EventRounds "9"]
[EventCountry "GER"]
[SourceTitle "EXT 2019"]
[Source "ChessBase"]
[SourceDate "2018.10.10"]
[SourceVersion "1"]
[SourceVersionDate "2018.10.10"]
[SourceQuality "1"]
[WhiteTeam "Hameln"]
[BlackTeam "Hellern"]
[WhiteTeamCountry "GER"]
[BlackTeamCountry "GER"]

1. d4 Nf6 2. Nf3 d5 3. c4 e6 4. Nc3 Bb4 5. cxd5 exd5 6. Bg5 h6 7. Bxf6 Qxf6 8. Rc1 0-0 9. a3 Bxc3+ 10. Rxc3 c6 11. e3 Bf5 12. Be2 Nd7 13. 0-0 a5 14. Nd2 Qe7 15. Qb3 Rfb8 16. Ra1 Qd6 17. Nf1 Nf6 18. Ng3 Bg6 19. Qd1 Re8 20. b3 Rec8 21. Bf3 Rc7 22. Rcc1 Qe7 23. Ne2 Be4 24. Nc3 Bxf3 25. Qxf3 Rac8 26. Na4 Rd8 27. Nc5 Ne8 28. a4 Nd6 29. Qe2 Re8 30. Rab1 Qg5 31. Qf3 Ree7 32. Qg3 Qf6 33. Qf3 Qg5 34. Qg3 Qf6 35. Qf3 Qg5 1/2-1/2

[Event "Oberliga Nord W 1617"]
[Site "Germany"]
[Date "2017.03.19"]
[Round "7.1"]
[White "Kuegel, Tobias"]
[Black "Lingnau, Carsten"]
[Result "0-1"]
[WhiteElo "2274"]
[BlackElo "2410"]
[PlyCount "94"]
[EventDate "2016.10.16"]
[EventType "team-tourn"]
[EventRounds "9"]
[EventCountry "GER"]
[SourceTitle "EXT 2018"]
[Source "ChessBase"]
[SourceDate "2017.10.13"]
[SourceVersion "1"]
[SourceVersionDate "2017.10.13"]
[SourceQuality "1"]
[WhiteTeam "Delmenhorst"]
[BlackTeam "Hellern"]
[WhiteTeamCountry "GER"]
[BlackTeamCountry "GER"]

1. e4 c6 2. d4 d5 3. exd5 cxd5 4. c4 Nf6 5. Nc3 Nc6 6. Nf3 g6 7. Bg5 Be6 8. Rc1 Bg7 9. Bxf6 Bxf6 10. Qb3 0-0 11. cxd5 Na5 12. Qb5 a6 13. Qc5 b6 14. Qb4 Bxd5 15. Nxd5 Qxd5 16. Be2 Qxa2 17. 0-0 Qb3 18. Qd2 Rfd8 19. Qe3 b5 20. Ra1 Qxe3 21. fxe3 Nc6 22. Bd3 Nb4 23. Be4 Rac8 24. Rfc1 e6 25. Rc3 Kf8 26. Bb7 Rb8 27. Rc7 Re8 28. Be4 Rec8 29. Rac1 Rxc7 30. Rxc7 a5 31. b3 Bd8 32. Ra7 Bb6 33. Rd7 a4 34. bxa4 bxa4 35. Ne5 f5 36. Bb1 Rc8 37. Rxh7 Rc1+ 38. Kf2 Rxb1 39. Nd7+ Ke8 40. Nxb6 a3 41. Rh8+ Kf7 42. Nd7 a2 43. Ne5+ Kg7 44. Rc8 a1Q 45. Rc7+ Kf8 46. Nxg6+ Ke8 47. Rc8+ Kf7 0-1

[Event "Oberliga Nord W 1617"]
[Site "Germany"]
[Date "2017.02.05"]
[Round "5.1"]
[White "Lingnau, Carsten"]
[Black "Kollen, Zyon"]
[Result "1-0"]
[WhiteElo "2410"]
[BlackElo "2325"]
[PlyCount "91"]
[EventDate "2016.10.16"]
[EventType "team-tourn"]
[EventRounds "9"]
[EventCountry "GER"]
[SourceTitle "EXT 2018"]
[Source "ChessBase"]
[SourceDate "2017.10.13"]
[SourceVersion "1"]
[SourceVersionDate "2017.10.13"]
[SourceQuality "1"]
[WhiteTeam "Hellern"]
[BlackTeam "Nordhorn Blanke"]
[WhiteTeamCountry "GER"]
[BlackTeamCountry "GER"]

1. Nf3 Nf6 2. c4 g6 3. g3 Bg7 4. Bg2 0-0 5. d4 d6 6. Nc3 Nc6 7. 0-0 a6 8. Bf4 Rb8 9. Rc1 Bg4 10. b3 Qc8 11. Qd2 Re8 12. d5 Nd8 13. e4 e5 14. Bg5 Nh5 15. Ne1 f6 16. Be3 Nf7 17. Nd3 Bd7 18. c5 Qd8 19. Na4 f5 20. f3 Bb5 21. exf5 gxf5 22. Nc3 Bxd3 23. Qxd3 Bh6 24. Bxh6 Nxh6 25. Qd2 Nf7 26. cxd6 cxd6 27. Ne2 Rc8 28. Rxc8 Qb6+ 29. Kh1 Rxc8 30. Bh3 Ng7 31. f4 Qc7 32. g4 Qc2 33. Qe3 exf4 34. Nxf4 Rc3 35. Qg1 Ng5 36. Bg2 fxg4 37. Ne6 N7xe6 38. dxe6 Rc8 39. Qd4 Rf8 40. Re1 Qf5 41. e7 Re8 42. Bxb7 Kf7 43. Bd5+ Kg6 44. Bc6 Kh6 45. Qxd6+ Kg7 46. Qe5+ 1-0

[Event "BL2-West 0607"]
[Site "Germany"]
[Date "2006.10.29"]
[Round "2.5"]
[White "Lingnau, Carsten"]
[Black "Bewersdorff, Oliver"]
[Result "1/2-1/2"]
[WhiteElo "2392"]
[BlackElo "2299"]
[PlyCount "77"]
[EventDate "2006.10.15"]
[EventType "team-tourn"]
[EventRounds "9"]
[EventCountry "GER"]
[SourceTitle "EXT 2007"]
[Source "ChessBase"]
[SourceDate "2006.11.23"]
[SourceVersion "1"]
[SourceVersionDate "2006.11.23"]
[SourceQuality "1"]
[WhiteTeam "Plettenberg"]
[BlackTeam "Schott Mainz"]
[WhiteTeamCountry "GER"]
[BlackTeamCountry "GER"]

1. Nf3 Nf6 2. c4 e6 3. g3 d5 4. d4 Bb4+ 5. Bd2 Be7 6. Bg2 0-0 7. 0-0 c6 8. Qc2 Nbd7 9. Bf4 b6 10. Rd1 Bb7 11. Nc3 dxc4 12. Nd2 Nd5 13. Nxc4 Nxf4 14. gxf4 Qc7 15. e3 Rad8 16. Rac1 c5 17. d5 exd5 18. Nxd5 Bxd5 19. Rxd5 b5 20. Nd2 Nb6 21. Rxd8 Rxd8 22. Nb3 c4 23. Nd4 a6 24. Nc6 Rd6 25. Qe4 Re6 26. Qf3 Bf8 27. b3 Ba3 28. Rc2 Rd6 29. bxc4 bxc4 30. h3 g6 31. f5 Kg7 32. Qe4 Rd1+ 33. Bf1 Qd6 34. Qe5+ Qxe5 35. Nxe5 Rc1 36. Rxc1 Bxc1 37. Nxc4 Nxc4 38. Bxc4 a5 39. fxg6 1/2-1/2

[Event "Oberliga NRW 0506"]
[Site "Germany"]
[Date "2005.12.04"]
[Round "4.7"]
[White "Korth, Daniel"]
[Black "Lingnau, Carsten"]
[Result "1/2-1/2"]
[WhiteElo "2023"]
[BlackElo "2385"]
[PlyCount "123"]
[EventDate "2005.09.25"]
[EventType "team-tourn"]
[EventRounds "9"]
[EventCountry "GER"]
[SourceTitle "EXT 2007"]
[Source "ChessBase"]
[SourceDate "2006.11.23"]
[SourceVersion "1"]
[SourceVersionDate "2006.11.23"]
[SourceQuality "1"]
[WhiteTeam "Muenster"]
[BlackTeam "Plettenberg"]
[WhiteTeamCountry "GER"]
[BlackTeamCountry "GER"]

1. d4 Nf6 2. c4 e6 3. g3 Bb4+ 4. Bd2 Be7 5. Bg2 d5 6. Nf3 c6 7. 0-0 0-0 8. Qb3 Nbd7 9. cxd5 exd5 10. Bb4 Bxb4 11. Qxb4 Re8 12. e3 Ne4 13. Nc3 Ndf6 14. Nxe4 Nxe4 15. Qa4 f6 16. Qc2 Bf5 17. Nh4 Bd7 18. Nf3 a5 19. b3 Qe7 20. Nd2 Nd6 21. Rfc1 Bf5 22. Qd1 Qd8 23. Nb1 Bxb1 24. Raxb1 f5 25. Rb2 Kh8 26. Bf1 Qf6 27. Bg2 g5 28. Rd2 Re7 29. Qh5 Rf8 30. Qd1 f4 31. exf4 gxf4 32. Rc3 Rfe8 33. Rc1 Qg5 34. Rd3 fxg3 35. hxg3 Re2 36. Bf1 Rxa2 37. Ra1 Rxa1 38. Qxa1 Qf5 39. Qd1 Rf8 40. f3 Qg5 41. Kg2 Nf5 42. Qe1 Qf6 43. Qe5 Kg8 44. Kh2 Qg6 45. Bh3 h5 46. Bxf5 Qxf5 47. Re3 Qxe5 48. dxe5 Kf7 49. Kg2 Ke6 50. f4 c5 51. Rc3 Rc8 52. Kf3 Kf5 53. Rd3 Ke6 54. Rc3 b5 55. g4 b4 56. Re3 hxg4+ 57. Kxg4 Rg8+ 58. Kf3 a4 59. bxa4 c4 60. Ke2 b3 61. Rh3 d4 62. Rh6+ 1/2-1/2

[Event "Oberliga NRW 0405"]
[Site "Germany"]
[Date "2005.01.30"]
[Round "6.1"]
[White "Cuijpers, Frans Andre"]
[Black "Lingnau, Carsten"]
[Result "1-0"]
[WhiteElo "2497"]
[BlackElo "2392"]
[PlyCount "121"]
[EventDate "2004.10.10"]
[EventType "team-tourn"]
[EventRounds "9"]
[EventCountry "GER"]
[SourceTitle "EXT 2006"]
[Source "ChessBase"]
[SourceDate "2005.11.24"]
[SourceVersion "1"]
[SourceVersionDate "2005.11.24"]
[SourceQuality "1"]
[WhiteTeam "Muenster"]
[BlackTeam "Gescher"]
[WhiteTeamCountry "GER"]
[BlackTeamCountry "GER"]

1. e4 c5 2. Nf3 e6 3. d4 cxd4 4. Nxd4 Nc6 5. Nc3 Qc7 6. Be2 a6 7. 0-0 Nf6 8. Be3 Be7 9. f4 d6 10. Kh1 0-0 11. a4 Re8 12. Bf3 Rb8 13. g4 Bf8 14. g5 Nd7 15. Bg2 b6 16. Qh5 g6 17. Qh4 Bg7 18. Rad1 Nb4 19. Rd2 Bb7 20. Nde2 Rbd8 21. Qf2 Nc5 22. Rfd1 Rc8 23. Bd4 e5 24. Bxc5 Qxc5 25. Qxc5 Rxc5 26. Rxd6 Nxc2 27. Rxb6 Ba8 28. Rxa6 Ne3 29. Rd7 exf4 30. Rda7 Rcc8 31. Bf3 Nc4 32. Nxf4 Nd2 33. Bg2 Be5 34. Nfe2 Nc4 35. Bh3 Rb8 36. Bd7 Red8 37. Bc6 Bxc6 38. Rxc6 Ne3 39. Rc5 Bxc3 40. Rxc3 Rd1+ 41. Ng1 Ng4 42. Rc2 Rbd8 43. Rg2 Ne3 44. Re2 R8d3 45. h3 Nf1 46. Rc2 Ng3+ 47. Kg2 Nxe4 48. Nf3 Rb3 49. Re7 Nd6 50. Rd7 Rd5 51. Rd2 Rf5 52. Nd4 Rxg5+ 53. Kh2 Rb6 54. Nf3 Rf5 55. R7xd6 Rxd6 56. Rxd6 Rxf3 57. b4 Rb3 58. Rb6 g5 59. a5 h5 60. Rb5 g4 61. hxg4 1-0

[Event "Oberliga NRW 0405"]
[Site "Germany"]
[Date "2004.11.21"]
[Round "3.1"]
[White "Lingnau, Carsten"]
[Black "Solodovnichenko, Yuri"]
[Result "0-1"]
[WhiteElo "2392"]
[BlackElo "2516"]
[PlyCount "64"]
[EventDate "2004.10.10"]
[EventType "team-tourn"]
[EventRounds "9"]
[EventCountry "GER"]
[SourceTitle "EXT 2006"]
[Source "ChessBase"]
[SourceDate "2005.11.24"]
[SourceVersion "1"]
[SourceVersionDate "2005.11.24"]
[SourceQuality "1"]
[WhiteTeam "Gescher"]
[BlackTeam "Gerresheim"]
[WhiteTeamCountry "GER"]
[BlackTeamCountry "GER"]

1. Nf3 d5 2. d4 c6 3. c4 e6 4. Qc2 Bd6 5. Bg5 Ne7 6. Nbd2 f6 7. Bh4 g5 8. Bg3 g4 9. Ng1 e5 10. e4 Be6 11. Bd3 Na6 12. a3 h5 13. exd5 cxd5 14. c5 h4 15. cxd6 Qxd6 16. dxe5 fxe5 17. Bxe5 Qxe5+ 18. Ne2 Rc8 19. Qa4+ Bd7 20. Bb5 Nc6 21. 0-0 Qxb2 22. Nb3 0-0 23. Rad1 Qg7 24. Rxd5 Nc7 25. Rd6 Nxb5 26. Qxb5 Ne5 27. Qd5+ Kh8 28. Nbc1 Rce8 29. f4 gxf3 30. Rxf3 Bc6 31. Rxc6 bxc6 32. Qc5 Rxf3 0-1

[Event "Oberliga NRW 0405"]
[Site "Germany"]
[Date "2004.10.31"]
[Round "2.1"]
[White "Schaefer, Markus"]
[Black "Lingnau, Carsten"]
[Result "1/2-1/2"]
[WhiteElo "2369"]
[BlackElo "2392"]
[PlyCount "33"]
[EventDate "2004.10.10"]
[EventType "team-tourn"]
[EventRounds "9"]
[EventCountry "GER"]
[SourceTitle "EXT 2006"]
[Source "ChessBase"]
[SourceDate "2005.11.24"]
[SourceVersion "1"]
[SourceVersionDate "2005.11.24"]
[SourceQuality "1"]
[WhiteTeam "Solingen III"]
[BlackTeam "Gescher"]
[WhiteTeamCountry "GER"]
[BlackTeamCountry "GER"]

1. e4 c6 2. d4 d5 3. Nc3 dxe4 4. Nxe4 Bf5 5. Ng3 Bg6 6. Bc4 e6 7. N1e2 Bb4+ 8. c3 Bd6 9. Nf4 Bxf4 10. Bxf4 Nf6 11. 0-0 0-0 12. Qe2 a5 13. a4 Nbd7 14. Rad1 Qb6 15. Bc1 Rfe8 16. f4 Rad8 17. Kh1 1/2-1/2

[Event "Duisburg Grossenbaum op"]
[Site "Duisburg"]
[Date "2004.05.31"]
[Round "7"]
[White "Wolter, Kai"]
[Black "Lingnau, Carsten"]
[Result "0-1"]
[WhiteElo "2234"]
[BlackElo "2427"]
[PlyCount "72"]
[EventDate "2004.05.28"]
[EventType "swiss"]
[EventRounds "7"]
[EventCountry "GER"]
[SourceTitle "EXT 2006"]
[Source "ChessBase"]
[SourceDate "2005.11.24"]
[SourceVersion "1"]
[SourceVersionDate "2005.11.24"]
[SourceQuality "1"]

1. e4 e5 2. Nf3 Nc6 3. Bc4 Bc5 4. d3 Nf6 5. Nc3 d6 6. a3 h6 7. Na4 Bb6 8. Nxb6 axb6 9. h3 Qe7 10. Qe2 Be6 11. Bxe6 Qxe6 12. c4 Nd7 13. Be3 Nc5 14. 0-0 0-0 15. Rad1 Qe7 16. Rfe1 Rae8 17. b4 Ne6 18. b5 Na5 19. Nd2 Ra8 20. Rb1 Qh4 21. Nf3 Qh5 22. Nd4 Qxe2 23. Nxe2 f5 24. exf5 Rxf5 25. Nc3 Rf7 26. Nd5 g5 27. f3 Kg7 28. Kf2 Kg6 29. Ke2 h5 30. Kd2 Rh7 31. Rh1 Kf5 32. Kc3 h4 33. Rhd1 Rg7 34. Rd2 Nf4 35. Nxc7 Rxc7 36. Bxb6 Nd5+ 0-1

[Event "Duisburg Grossenbaum op"]
[Site "Duisburg"]
[Date "2004.05.30"]
[Round "5"]
[White "Limbourg, Philipp"]
[Black "Lingnau, Carsten"]
[Result "0-1"]
[WhiteElo "2204"]
[BlackElo "2427"]
[PlyCount "78"]
[EventDate "2004.05.28"]
[EventType "swiss"]
[EventRounds "7"]
[EventCountry "GER"]
[SourceTitle "EXT 2006"]
[Source "ChessBase"]
[SourceDate "2005.11.24"]
[SourceVersion "1"]
[SourceVersionDate "2005.11.24"]
[SourceQuality "1"]

1. e4 e5 2. Nf3 Nc6 3. Bc4 Bc5 4. c3 Nf6 5. d3 a6 6. Bb3 d6 7. Nbd2 0-0 8. Nf1 Ng4 9. Ne3 Nxe3 10. Bxe3 Bxe3 11. fxe3 Qe7 12. 0-0 Bd7 13. Qe1 g6 14. Qg3 Kh8 15. Rf2 f6 16. Nh4 Qg7 17. Raf1 Rae8 18. Bd1 Be6 19. b3 Bd7 20. Bg4 Nb8 21. Rf3 Bxg4 22. Qxg4 Nd7 23. Rh3 Rg8 24. b4 Qf7 25. Qe2 Rg7 26. Nf3 Qe6 27. Nd2 Qxa2 28. c4 Qa4 29. Rb1 Rf7 30. Rf3 Kg7 31. g4 Nf8 32. b5 Ne6 33. h4 Qc2 34. bxa6 bxa6 35. Rbf1 Ref8 36. Qf2 Qxd3 37. g5 f5 38. Kh1 Nc5 39. h5 Nxe4 0-1

[Event "Cogas Energie op"]
[Site "Almelo"]
[Date "2004.04.09"]
[Round "4"]
[White "Fridman, Daniel"]
[Black "Lingnau, Carsten"]
[Result "1-0"]
[WhiteElo "2592"]
[BlackElo "2427"]
[PlyCount "107"]
[EventDate "2004.04.08"]
[EventType "swiss"]
[EventRounds "6"]
[EventCountry "NED"]
[SourceTitle "CBM 099 Extra"]
[Source "ChessBase"]
[SourceDate "2004.05.04"]
[SourceVersion "1"]
[SourceVersionDate "2004.05.04"]
[SourceQuality "1"]

1. d4 Nf6 2. Nf3 d5 3. c4 e6 4. Nc3 dxc4 5. e3 a6 6. a4 c5 7. Bxc4 Nc6 8. 0-0 Be7 9. Qe2 cxd4 10. Rd1 e5 11. exd4 exd4 12. Nxd4 Nxd4 13. Qe5 Qd6 14. Qxd6 Bxd6 15. Rxd4 Be5 16. Rh4 0-0 17. Bf4 Bxf4 18. Rxf4 Be6 19. Bxe6 fxe6 20. Rb4 Rf7 21. Re1 Re7 22. Rb6 Kf7 23. Ne4 Nxe4 24. Rxe4 Rc8 25. h4 Rcc7 26. Kh2 Rcd7 27. Kg3 Rc7 28. Kf3 Rcd7 29. g4 Rd3+ 30. Ke2 Rd5 31. Reb4 Rdd7 32. Ke3 Rc7 33. Rf4+ Ke8 34. g5 Rc5 35. Rfb4 Rcc7 36. h5 Kf7 37. Kf4 Red7 38. Kg4 Re7 39. f3 Ke8 40. g6 h6 41. f4 Kd8 42. Rd4+ Ke8 43. Re4 Kd7 44. Kf3 Re8 45. Reb4 Kc8 46. Ke4 Ree7 47. b3 Kb8 48. Rc4 Rcd7 49. Rcc6 Rd1 50. Rxe6 Red7 51. Rb4 Ka7 52. Re5 Rd8 53. Kf3 R8d7 54. Rbe4 1-0

[Event "Cogas Energie op"]
[Site "Almelo"]
[Date "2004.04.08"]
[Round "1"]
[White "Lingnau, Carsten"]
[Black "Van der Veen, Jan"]
[Result "1-0"]
[WhiteElo "2427"]
[BlackElo "2123"]
[PlyCount "77"]
[EventDate "2004.04.08"]
[EventType "swiss"]
[EventRounds "6"]
[EventCountry "NED"]
[SourceTitle "CBM 099 Extra"]
[Source "ChessBase"]
[SourceDate "2004.05.04"]
[SourceVersion "1"]
[SourceVersionDate "2004.05.04"]
[SourceQuality "1"]

1. Nf3 Nf6 2. c4 g6 3. Nc3 Bg7 4. e4 d6 5. d4 0-0 6. Be2 e5 7. Be3 Na6 8. 0-0 Ng4 9. Bg5 Qe8 10. dxe5 dxe5 11. h3 f6 12. Bd2 Nh6 13. c5 c6 14. Bxa6 bxa6 15. Qa4 Nf7 16. Rad1 Qe7 17. Qxc6 Be6 18. Qxa6 Rab8 19. b3 f5 20. Bc1 Rfc8 21. Ba3 Qe8 22. Rfe1 Rc6 23. Qe2 a5 24. Na4 f4 25. Nd2 Nd8 26. Nc4 f3 27. Qd3 fxg2 28. Nxa5 Rc7 29. Nc4 Nc6 30. Nd6 Qf8 31. Nb6 Ra7 32. Nb5 Rxa3 33. Nxa3 Qxc5 34. Nd7 Qxa3 35. Nxb8 Nxb8 36. Qd8+ Qf8 37. Qb6 Bd7 38. Rd6 Qc8 39. Red1 1-0

[Event "Werther Schloss op-A 10th"]
[Site "Werther"]
[Date "2004.04.04"]
[Round "5"]
[White "Lingnau, Carsten"]
[Black "Baklan, Vladimir"]
[Result "0-1"]
[WhiteElo "2427"]
[BlackElo "2606"]
[PlyCount "78"]
[EventDate "2004.04.02"]
[EventType "swiss"]
[EventRounds "5"]
[EventCountry "GER"]
[SourceTitle "CBM 099 Extra"]
[Source "ChessBase"]
[SourceDate "2004.05.04"]
[SourceVersion "1"]
[SourceVersionDate "2004.05.04"]
[SourceQuality "1"]

1. c4 Nf6 2. Nf3 g6 3. Nc3 Bg7 4. e4 d6 5. d4 0-0 6. Be2 e5 7. Be3 c6 8. d5 Ng4 9. Bg5 f6 10. Bh4 c5 11. 0-0 h5 12. Nd2 Rf7 13. a3 a5 14. Rb1 Na6 15. h3 Nh6 16. Bg3 f5 17. exf5 Nxf5 18. Bd3 Bh6 19. Nde4 Nc7 20. b4 axb4 21. axb4 cxb4 22. Rxb4 Ra5 23. Re1 Na6 24. Rb1 Nc5 25. Nxc5 Rxc5 26. Ne4 Ra5 27. Qb3 Nxg3 28. fxg3 Bf5 29. Qb4 Bxe4 30. Bxe4 Kg7 31. Qc3 b6 32. Qd3 Rf6 33. Rf1 Ra2 34. h4 Rd2 35. Qb3 Rd4 36. Qc2 Be3+ 37. Kh2 Rf4 38. Rxf4 exf4 39. Bxg6 fxg3+ 0-1

[Event "Werther Schloss op-A 10th"]
[Site "Werther"]
[Date "2004.04.03"]
[Round "2"]
[White "Lingnau, Carsten"]
[Black "Johnen, Daniel"]
[Result "1-0"]
[WhiteElo "2427"]
[BlackElo "2161"]
[PlyCount "67"]
[EventDate "2004.04.02"]
[EventType "swiss"]
[EventRounds "5"]
[EventCountry "GER"]
[SourceTitle "CBM 099 Extra"]
[Source "ChessBase"]
[SourceDate "2004.05.04"]
[SourceVersion "1"]
[SourceVersionDate "2004.05.04"]
[SourceQuality "1"]

1. Nf3 g6 2. c4 Bg7 3. d4 Nf6 4. Nc3 0-0 5. e4 d6 6. Be2 e5 7. Be3 Nbd7 8. 0-0 c6 9. d5 c5 10. Ne1 Ne8 11. g4 f5 12. gxf5 gxf5 13. exf5 Ndf6 14. Bd3 e4 15. Nxe4 Nxe4 16. Bxe4 Bxf5 17. Bxf5 Rxf5 18. Ng2 Nf6 19. Bf4 Qd7 20. Qd3 Ng4 21. Rae1 Raf8 22. Qg3 Rh5 23. Re6 Nxh2 24. Rfe1 Qf7 25. Re7 Qg6 26. R1e3 Ng4 27. R3e6 Qb1+ 28. Re1 Qf5 29. Rxg7+ Kxg7 30. f3 Rh2 31. Bxd6 Rf6 32. fxg4 Rxg2+ 33. Qxg2 Qd3 34. Be5 1-0